00593nam a2200181 450000500170000001000150001702000260003203500140005803700130007208200110008510000210009624500470011726000340016427001240019830000390032270000320036170000180039320220824120348.0 aENG-134591 c125.00a9789385231551 aEN-118123 bDBAD/PUB a181.45 aRao, K. Aravinda aA Guide To Bhagavad Gita/ck. Aravinda Rao aTelanganabEMESCO BOOKSc2015 a1-2-7, Banoo colony, gagan mahal road, Domalguda bHyderabade500029k040-23264028l040-23264028memescobooks@yahoo.com a228p.bGlossary, index c22cm(pbk) aCacciamali maria cristina  aRodgers Gerry